Fini les paroles : SDM - Statistiques

Statistiques générales
  • Ce quiz a été pris 168 fois
  • Le résultat moyen est 8 sur 30
Statistiques - réponses
Chansons Nombre de mots manquants Paroles Réponse % Correct
Bolide allemand 3 J'ai tous les contacts mais j'ai aussi les bons plavonsEh, le pe-ra français fait tomber l'savon Dans l'bendo, plus ça va, plus ça débite et... Plus ça vend
84%
Mr. Ocho 1 Pour eux, j'suis qu'un artiste d'la pandémie On m'a toujours dit "Respecte les aînés" Mais j'fais comment quand les aînés, c'est des... Haineux?
68%
POUR ELLE 2 Elle a kiffé sur le boug tout frais avec plein de vigueurElle est montée dans l'train sans Pass Navigo Monte à bord, j'espère que t'aimes bien... La vitesse
62%
Jacque*** Bag 1 Elle est dans la merde, elle en mange à DubaïTalons, sac Jacquemus, string, bas résille CDG, elle revient chargé, elle arrive du... Brésil
57%
Jack Fuego 2 Bébé, on va l'faire quand j'aurai fini l'Jack Fuego, rajoute du Coca dans mon Jack Fuego J'vois plus rien pareil après ce verre de Jack Fuego, j’ai juste envie d’tiser et ken Mais j'dois finir... La bouteille
55%
TOKA 1 Aujourd'hui j'suis matinal, occupation marginale J'suis déterminé, j'me sens comme C.R. qui va prendre la Decima Pourquoi tu le prends si mal ? T'es mon pote mais t'es... Pessimiste
50%
CARTIER SANTOS 4 Quand j'avais pas one sur moi Pas d'souci pour elle, d'toute façon j'étais le huitième de tous ses mecs Faudra d'la... Foi et du courage
38%
Yakalelo 3 Clamart, la ville, mon négro, 1.4.0, 100-8, ouais, tu connaisSDM de Paname, à mes frères enfermés, j'passe le salam Toujours impliqué dans le sale, AK-47, l'... Addition est salée
32%
Freestyle 8 4 Mais tu connais, on arrive à 30Et c'est pas l'Wu-Tang, gros, c'est l'cent moins Ocho, ma gueule Ta tante en levrette, à côté, j'ai... Ma bouteille d'eau
30%
JEUX D'ECHECS 1 Ils vont plus nous appeler pour les shows Ils font les chauds, on les shoot, on reste impliqués dans les choses La vida un vrai jeu d'échec, j'porte tout seul le poids d'mes... Péchés
30%
Le bruit des applaudissements 1 Tous à plat ventre, gros pour eux c'est mieux La peur de leur vie, bah pour eux c'est moi J'arrive méchant devant l'but comme... Benzema
29%
SEQUOIA 2 Eh, toujours la même, mon lundi ressemble au samediSi j'fais ce que j'assume, c'est que j'fais ma peine, c'est que j'veux rien dire Là-haut, dans les airs, mon avion survole... New York
28%
#Malentouré 2 Beaucoup trop rusé, viens pas m'la faire à moi, équipe de fou, tu vas péter un plomb Tu le hagar, il va chercher un pompe, plata o plomo? L'argent ou le plomb? Tout en haut d'la Tourelle ennemi, affaire localisés... Sur Paris
28%
Redescends 1 Ton dernier souvenir, c'est la moto Madame la juge, libères mes potos Bavure policière, le quartier n'est pas... Content
27%
Prince de la Calle 5 J'rode dans la ville, on a fait les bails, tout l'monde nous connaît Prince de la calle, tout l'monde nous connaît Mon cœur est vide, mais mon... Chargeur est comme mes poches
26%
Nous deux 1 Mes gavas vendent d'la coke, problèmes d'la vida noyés dans l'alcool, yah Et dans la ville, tout l'monde nous connaît On crie pas quand on fait d'la... Money
26%
Franklin Saint 2 Y a pas d'tho-my, serre la main mais ne ris pas D'après l'ancien, tous les chemins mènent à Rome Sur l'chemin du magot, j'suis défoncé... Sous rhum
25%
ALVALM 3 La chatte à Cyril Hanouna et sa p'tite copine Delormeau
Génération assassin, midi0minuit dans l'survêt' Under Armour
Pour nous, c'est deux fois plus de taf, donc c'est...
Impossible de dormir
24%
Daddy 2 Elle embrasse son écran quand elle me voit à la télé Elle m'suce dans la gova, j'l'ai jamais ramenée au tel-hô Négocie pas, c'est les taros, chef de chantier, j'gère... Les travaux
20%
Passat 1 100 moins OCHO, c'est la base J'te rafale, en paix tu reposes J'suis sorti pour chercher l'... Oseille
20%
Love 1 J'crache pas l'oseille, j'suis pas Mario, ta sœur la pute, j'veux pas marier 9 millimètres dans la main, tu vas voir ta vie défiler dans la minute Et puis ça vend dans le barrio, les schlags ressemblent à des... Aliens
17%
Rihanna 3 Dehors à midi, chez nous, y a Nador, la Guyane et MeudaIls étaient plusieurs, ils ont fait demi-tour, une balle est partie vers le ciel Eh, moi j'veux bien qu't'essayes, on encaisse à mort... On est zen
15%
Sang40 5 Soit t'es un loup, soit une brebis, soit t'es Manu, soit t'es Zé Pequ' Gros, c'est réel ici, la rue, tu la vois dans mes yeux Le même poto qui m'appelle: "Mon reuf" quand j'me barre, il prend mon... Dos pour casser du sucre
9%
La vie de rêve 3 À trois dans la va-go, on va chercher deux gos Ce soir, c'est virée sur Paname, on improvise une fête Et sur une heure de temps, j'ai... Entendu des ragots
8%
Cello 3 Percuté par la vie, j'demande un constatFaut pas venir nous teste, gros, c'est un conseil Menace pour la société, ils veulent... Raser ma cité
8%
AFFRANCHIS 3 Gros, j'ai la poisse à mort, j'ai touché l'fer au lieu d'toucher du bois (Crick crick crick) Le client s'gratte les veines, il veut toucher son bout J'ai fait TP, cherché le... Bonheur à pied
6%
Invictus 3 Végas mets la concu' sur l'barbeuc La plupart d'entre eux ont sucés Ils vous reste encore du me-sper... Sur la barbe
5%
Nwar sur Nwar 3 Mais dessous les lunettes même si tu sais c'que j'fais Dans l'bloc à midi, j'ai tout c'qui t'faut pour t'faire méditer Le bruit et l'odeur, c'est c'qu'ils ont mis... Sur mon étiquette
4%
METALLICA 1 Pour un plan qui rapporte, on y va, j'ai squatté l'bitume, été, hiver Des kilos, des tonnes qui traversent le rivage, gros, mets-la-moi dans l'axe, j'te la prends comme Rivaldo Pirate sur mer part en virée, poto, sois prêt, la mort t'attend au... Virage
4%
92i 1 Fini les carences, j'fais cinq-cents de l'heure, certif' après certif', j'suis le cours de l'orJ'fais l'argent encore, on sait le blanchir, y a des ients-cli dehors, du pain sur la planche 92i, la frappe, le gang, il déchire, si tu cherches la concurrence, va chercher aux... Chiottes
2%
Aucun quiz correspondant
Distribution des résultats
% des personnes avec chaque résultat
Percentile par nombre de réponses
Votre historique - résultats
Vous n’avez pas pris ce quiz